The Thirty Years War : (Record no. 8)

MARC details
000 -LEADER
fixed length control field 01558cam a2200301 a 4500
001 - CONTROL NUMBER
control field 15661423
005 - DATE AND TIME OF LATEST TRANSACTION
control field 20200421093816.0
008 - FIXED-LENGTH DATA ELEMENTS--GENERAL INFORMATION
fixed length control field 090316s2009 mauabf b 001 0 eng
010 ## - LIBRARY OF CONGRESS CONTROL NUMBER
LC control number 2009011266
020 ## - INTERNATIONAL STANDARD BOOK NUMBER
International Standard Book Number 9780674036345 (hardcover : alk. paper)
020 ## - INTERNATIONAL STANDARD BOOK NUMBER
International Standard Book Number 0674036344
035 ## - SYSTEM CONTROL NUMBER
System control number (OCoLC)ocn316233555
040 ## - CATALOGING SOURCE
Original cataloging agency DLC
Transcribing agency DLC
Modifying agency BTCTA
-- YDXCP
-- C#P
-- BWX
-- UPZ
-- MOF
-- DLC
043 ## - GEOGRAPHIC AREA CODE
Geographic area code e------
050 00 - LIBRARY OF CONGRESS CALL NUMBER
Classification number D258
Item number .W55 2009
082 00 - DEWEY DECIMAL CLASSIFICATION NUMBER
Classification number 940.2/4
Edition information 22
100 1# - MAIN ENTRY--PERSONAL NAME
Personal name Wilson, Peter H.
Fuller form of name (Peter Hamish)
9 (RLIN) 209
245 14 - TITLE STATEMENT
Title The Thirty Years War :
Remainder of title Europe's tragedy /
Statement of responsibility, etc. Peter H. Wilson.
260 ## - PUBLICATION, DISTRIBUTION, ETC.
Place of publication, distribution, etc. Cambridge, Mass. :
Name of publisher, distributor, etc. Belknap Press of Harvard University Press,
Date of publication, distribution, etc. 2009.
300 ## - PHYSICAL DESCRIPTION
Extent xxii, 996 p., [16] p. of plates :
Other physical details ill. (some col.), maps ;
Dimensions 24 cm.
504 ## - BIBLIOGRAPHY, ETC. NOTE
Bibliography, etc. note Includes bibliographical references and index.
520 ## - SUMMARY, ETC.
Summary, etc. A deadly continental struggle, the Thirty Years War devastated seventeenth-century Europe, killing nearly a quarter of all Germans and laying waste to towns and countryside alike. In a major reassessment, Wilson argues that religion was not the catalyst, but one element in a lethal stew of political, social, and dynastic forces that fed the conflict--a conflict that ultimately transformed the map of the modern world.
650 #0 - SUBJECT ADDED ENTRY--TOPICAL TERM
Topical term or geographic name entry element Thirty Years' War, 1618-1648.
9 (RLIN) 210
651 #0 - SUBJECT ADDED ENTRY--GEOGRAPHIC NAME
Geographic name Europe
General subdivision History, Military
Chronological subdivision 1492-1648.
9 (RLIN) 557
906 ## - LOCAL DATA ELEMENT F, LDF (RLIN)
a 7
b cbc
c orignew
d 1
e ecip
f 20
g y-gencatlg
942 ## - ADDED ENTRY ELEMENTS (KOHA)
Source of classification or shelving scheme Dewey Decimal Classification
Koha item type Books
Holdings
Withdrawn status Lost status Damaged status Not for loan Collection Home library Current library Shelving location Date acquired Barcode Date last seen Price effective from Koha item type
        Reference Fairview Fairview General stacks 09/04/2014 39999000000313 09/04/2014 09/04/2014 Books